Politické, socio-ekonomické a kultúrne faktory demokratizácie

Počet štátov s demokratickým režimom sa zvyšuje od polovice sedemdesiatych rokov, kedy došlo k pádu autoritárskych režimov v južnej Európe a demokracia sa postupne stáva univerzálnou hodnotou. Faktory, ktoré ovplyvňujú tieto procesy sú predmetom výskumu vedcov zaoberajúcich sa danou problematikou. P...

Descrizione completa

Salvato in:
Dettagli Bibliografici
Autore principale: Holzerová, Petra
Natura: Capitolo di libro
Lingua:slovacco
Soggetti:
Tags: Aggiungi Tag
Nessun Tag, puoi essere il primo ad aggiungerne!!

MARC

LEADER 00000naa a2200000 4500
001 0149395
005 20240502072703.5
041 0 |a slo 
044 |a SK 
245 1 0 |a Politické, socio-ekonomické a kultúrne faktory demokratizácie  |c Petra Holzerová 
520 |a Počet štátov s demokratickým režimom sa zvyšuje od polovice sedemdesiatych rokov, kedy došlo k pádu autoritárskych režimov v južnej Európe a demokracia sa postupne stáva univerzálnou hodnotou. Faktory, ktoré ovplyvňujú tieto procesy sú predmetom výskumu vedcov zaoberajúcich sa danou problematikou. Prezentácia konceptualizácie a kategorizácie jednotlivých teórií s cieľom vytvoriť metodologický rámec pre výskum vnútorných faktorov demokratizácie. Vymedzenie základných politických, socio-ekonomických a kultúrnych faktorov, ktoré majú pozitívny a negatívny vplyv na vznik a udržanie demokracie. 
610 2 0 |a politika medzinárodná 
610 2 0 |a štát 
610 2 0 |a Európa 
610 2 0 |a suverenita 
610 2 0 |a demokracia 
100 1 |a Holzerová, Petra